000 00408nam a22001457a 4500
003 OSt
005 20240403102823.0
008 240403b |||||||| |||| 00| 0 eng d
040 _cCentral Library MRSPTU
100 _aDr. Naresh
245 _aJado Jaggo Odo Sawer (ਜਦੋਂ ਜਾਗੋ ਉਦੋਂ ਸਵੇਰ)
260 _aNew Delhi
_bVirsat Publications
_c2021
300 _a126
942 _2ddc
_cBK
_n0
999 _c9948
_d9948